| 000 | 01118nac a22003015a 4500 | ||
|---|---|---|---|
| 008 | 090426t xxua f b 001 0 eng d | ||
| 010 | _a 2005002343 | ||
| 020 | _a0321321375 (alk. paper) | ||
| 020 | _a9780321312525 | ||
| 040 |
_aEG-ScBUE _beng _cEG-ScBUE |
||
| 082 | 0 | 4 |
_a006.66 _bANG _222 |
| 100 | 1 |
_aAngel, Edward. _94245 |
|
| 245 | 1 | 0 |
_aInteractive computer graphics : _ba top-down approach using OpenGL / _cEdward Angel. |
| 250 | _a4th ed., International ed. | ||
| 260 |
_aBoston : _bPearson/Addison-Wesley, _cc.2006. |
||
| 300 |
_axxix, 784 p. : _bill. (some col.) ; _c24 cm. |
||
| 500 | _aIncludes Indexex. | ||
| 500 | _aDistributer: Baccah. | ||
| 504 | _aBibliography : p. 763-770. | ||
| 590 | _aCatalogued By: Mostafa El-Helaly | ||
| 650 | 0 |
_aComputer graphics. _94246 _2BUEsh |
|
| 650 | 0 |
_aInteractive computer systems. _94247 _2BUEsh |
|
| 651 | _2BUEsh | ||
| 653 | _cAugust2015 | ||
| 655 |
_aComputer Graphics- year 2. _xComputer Science _ySemester 2. 2008/2009 _92192 |
||
| 856 | 4 | 1 |
_3Table of contents _uhttp://www.loc.gov/catdir/toc/ecip057/2005002343.html |
| 942 |
_k006.66ANG _2ddc |
||
| 999 |
_c7852 _d7852 |
||